Oracle8 architecture / (Record no. 132997)

MARC details
000 -LEADER
fixed length control field 00700nam a22002297a 4500
005 - DATE AND TIME OF LATEST TRANSACTION
control field 20170124110202.0
010 ## - LIBRARY OF CONGRESS CONTROL NUMBER
LC control number A-952476
020 ## - INTERNATIONAL STANDARD BOOK NUMBER
Terms of availability 00.00
International Standard Book Number 0074633090
035 ## - SYSTEM CONTROL NUMBER
System control number A-952476
037 ## - SOURCE OF ACQUISITION
Source of stock number/acquisition Cen Lib/Ret
040 ## - CATALOGING SOURCE
Original cataloging agency DPL
Language of cataloging EN
082 ## - DEWEY DECIMAL CLASSIFICATION NUMBER
Classification number 005.43
Item number BOB
100 ## - MAIN ENTRY--PERSONAL NAME
Personal name Bobrowski, Steve
9 (RLIN) 36446
245 ## - TITLE STATEMENT
Title Oracle8 architecture /
Statement of responsibility, etc by Steve Bobrowski
260 ## - PUBLICATION, DISTRIBUTION, ETC. (IMPRINT)
Place of publication, distribution, etc New Delhi
Name of publisher, distributor, etc Tata McGraw hill Publishing Company
Date of publication, distribution, etc 1998
270 ## - ADDRESS
Address 7 west patel nagar
City New Delhi
Postal code 110008
300 ## - PHYSICAL DESCRIPTION
Extent xxiv, 356p.
Dimensions 23cm(Hb)
500 ## - GENERAL NOTE
General note Includes index
650 ## - SUBJECT ADDED ENTRY--TOPICAL TERM
Topical term or geographic name as entry element Computer science
9 (RLIN) 36447
650 ## - SUBJECT ADDED ENTRY--TOPICAL TERM
Topical term or geographic name as entry element Programming language (Oracle )
9 (RLIN) 36448
942 ## - ADDED ENTRY ELEMENTS (KOHA)
Source of classification or shelving scheme Dewey Decimal Classification
Koha item type English Books
Classification part 005.43
Call number suffix BOB
Holdings
Withdrawn status Lost status Damaged status Not for loan Home library Current library Date acquired Source of acquisition Cost, normal purchase price Total Checkouts Full call number Barcode Date last seen Copy number Cost, replacement price Price effective from Koha item type
        Central Library Central Library 24/07/2015 Cen Lib/Ret 0.00   005.43 BOB A-952476 24/07/2015 1 0.00 24/07/2015 English Books

© Delhi Public Library
Hit Counter
free hit counter